Modelos de administración del riesgo (Registro nro. 23187)

Detalles MARC
000 -LEADER
fixed length control field 00363 a2200121 4500
001 - CONTROL NUMBER
control field ART_10647
005 - DATE AND TIME OF LATEST TRANSACTION
control field 20260410161831.0
008 - FIXED-LENGTH DATA ELEMENTS--GENERAL INFORMATION
fixed length control field 260409a
100 1# - MAIN ENTRY--PERSONAL NAME
Personal name Ferrero, Fernando
245 10 - TITLE STATEMENT
Title Modelos de administración del riesgo
700 1# - ADDED ENTRY--PERSONAL NAME
Personal name Díaz, Margarita
773 0# - HOST ITEM ENTRY
Title Actualidad Económica
Related parts - Año XI, Nº 50 (ene./abr. 2001)
Record control number REV5083

No hay ítems disponibles.